Statistiken für Vatikanstadt-Quiz

Klicken Sie hier um das Quiz zu spielen!

Allgemein

  • Dieses Quiz wurde 4.348 mal gespielt
  • Das Durchschnittsergebnis liegt bei 12 aus 22

Antwortstatistiken

FrageAntwort% Korrekt
Mit einer Fläche von 0.49 km² ist der Vatikan das ____ Land der WeltKleinste
99%
Stadt, die den Vatikan umgibtRom
98%
De facto AmtssprachenItalienisch
95%
De facto AmtssprachenLatein
92%
Aktueller PapstFranziskus
87%
Weltgrößte Kirche{Peters}dom
77%
Der Vatikan hat pro Kopf angeblich den höchsten Konsum dieses GetränksWein
75%
Persönliche Sicherheit des Papstes{Schweizer}garde
74%
Die Wahl eines neuen Papstes wird dadurch angekündigtWeißer {Rauch}
70%
Historische Person, der die Decke der Sixtinischen Kapelle malteMichelangelo
61%
Begriff für das päpstliche Fahrzeug für seine öffentlichen AuftrittePapamobil
55%
Ca. 5% der Bevölkerung des Vatikans sind ____, den tiefsten Anteil weltweitFrauen
50%
Fluss, welcher in der Nähe des Vatikans liegtTiber
49%
Juristischer Begriff für den Papst und dessen kirchlichen VerwaltungsorganeHeiliger {Stuhl}
42%
Gegenstände auf der Flagge des VatikansSchlüsseln
39%
Ehemalige Bezeichnung des Landes, das vor den Lateranverträgen von 1929 vom Papst verwaltet wurde{Kirchen}staat
37%
Italienischer Papst, der 1978 nur nach 33 Tagen auf dem Thron starbJohannes-Paul I
35%
Gremium, welches die Päpste wählt{Kardinals}kollegium
35%
Gegenstände auf der Flagge des VatikansTiara
31%
Italienischer Ministerpräsident, der diese Verträge unterzeichneteBenito Mussolini
24%
Begriff für die Amtszeit eines PapstesPontifikat
11%
Offizielle Residenz der Päpste seit 1377{Apostolischer} Palast
10%

Verteilung der Resultate

Perzentil nach korrekt beantworteten Fragen

Anzahl Personen mit jedem Resultat

Ihre Resultats-Entwicklung

Sie haben dieses Quiz noch nicht gespielt